| Tag |
First Indicator |
Second Indicator |
Subfields |
| LEADER |
00000cam a2200000 a 4500 |
| 001 |
in00001007621 |
| 005 |
20230731155453.8 |
| 008 |
910401d19870700hiuab tb 000 0 eng d |
| 035 |
|
|
|a (OCoLC)23362026
|
| 035 |
|
|
|9 AFD9600AM
|
| 040 |
|
|
|a WCA
|c WCA
|d UtOrBLW
|
| 049 |
|
|
|a TXAM
|
| 090 |
|
|
|a TC1
|b .H36 no.181
|
| 100 |
1 |
|
|a Lau, L. Stephen
|q (Leung-Ku Stephen),
|d 1929-
|
| 245 |
1 |
0 |
|a Organic chemical contamination of O'ahu groundwater /
|c L. Stephen Lau.
|
| 264 |
|
1 |
|a Honolulu, Hawaii :
|b Water Resources Research Center, University of Hawaii at Manoa,
|c [1987]
|
| 300 |
|
|
|a xviii, 153 pages :
|b illustrations, maps ;
|c 28 cm.
|
| 336 |
|
|
|a text
|b txt
|2 rdacontent
|
| 337 |
|
|
|a unmediated
|b n
|2 rdamedia
|
| 338 |
|
|
|a volume
|b nc
|2 rdacarrier
|
| 490 |
1 |
|
|a Technical report / Water Resources Research Center, University of Hawaii at Manoa,
|x 0272-8729 ;
|v no. 181
|
| 500 |
|
|
|a "July 1987."
|
| 504 |
|
|
|a Includes bibliographical references.
|
| 536 |
|
|
|a Prepared for State of Hawaii: Legislature, Office of Environmental Quality Control, and Dept. of Health.
|b T-377.
|
| 500 |
|
|
|a "June 1985-April 1987."
|
| 650 |
|
0 |
|a Groundwater
|x Pollution
|z Hawaii.
|
| 650 |
|
0 |
|a Organic water pollutants
|z Hawaii
|z Oahu.
|
| 710 |
2 |
|
|a University of Hawaii at Manoa.
|b Water Resources Research Center.
|
| 740 |
0 |
|
|a Migration and degradation of contaminants in groundwater.
|
| 830 |
|
0 |
|a Technical report (University of Hawaii at Manoa. Water Resources Research Center) ;
|v no. 181.
|
| 856 |
4 |
1 |
|z Available freely from University of Hawaii at Manoa. Water Resources Research Center Repository
|u https://scholarspace.manoa.hawaii.edu/items/92a2a319-a549-404d-b530-6416cc0a55ff
|t 0
|
| 999 |
|
|
|a MARS
|
| 999 |
f |
f |
|s 8daace9d-ae42-3686-b08e-475ed071cb81
|i edb85232-cdc1-36a4-86ab-731a3d59d94d
|t 0
|
| 952 |
f |
f |
|p normal
|a Texas A&M University
|b College Station
|c Sterling C. Evans Library
|s Evans stk
|d Evans: Library Stacks
|t 0
|e TC1 .H36 no.181
|h Library of Congress classification
|i unmediated -- volume
|m A14815053285
|
| 998 |
f |
f |
|a TC1 .H36 no.181
|t 0
|l Evans: Library Stacks
|